000 004110000a22001690004500
003 MACL
005 20151219133330.0
008 151219b xxu||||| |||| 00| 0 eng d
040 _aMACL
_cMACL
041 _aEnglish
082 _a381.1/DIN
100 _aDin, Rasshied
_921342
245 _aNew Retail
260 _bConran Octopus Ltd
_c2000
650 _aInternal Commerce
_94336
942 _cBK
_k381.1/DIN
_2ddc
999 _c40215
_d40215